00466nam a2200133Ia 4500008004100000100002000041245008400061245003700145260005300182260000900235300001200244650001500256856006100271170221s9999 xx 000 0 und d aChe Su Mustaffa aAntecedents of Flood Victims Psychological Well-Being: A Quantitative Analysis  cChe Su Mustaffa, Nurlela Zakaria bInternational Review of Management and Marketing c2016 a15 : 22 xMarketing. uhttp://www.econjournals.com/index.php/irmm/issue/view/97